Vainqueurs de la FA CUP - Mort Subite - Statistiques

Statistiques générales
  • Ce quiz a été pris 211 fois
    7 depuis la dernière actualisation
  • Le résultat moyen est 11 sur 45
Answers on the Grid
Answers color-coded by a green-red scale on the quiz's grid according to % correct below.
Brentford FC
Ipswich Town
Norwich City
Swansea City
Plymouth Argyle
Oxford United
Huddersfield Town
Wycombe Wanderers
Crystal Palace
Arsenal FC
Aston Villa
Barnsley FC
Birmingham City
Blackburn Olympic
Blackburn Rovers
Blackpool FC
Bolton Wanderers
Bradford City
Brighton & Hove Albion
Bristol City
Burnley FC
Bury FC
Cardiff City
Charlton Athletic
Chelsea FC
Clapham Rovers
Coventry City
Crystal Palace
Derby County
Everton FC
Fulham FC
Huddersfield Town
Hull City
Ipswich Town
Leeds United
Leicester City
Liverpool FC
Luton Town
Manchester City
Manchester United
Middlesbrough FC
Millwall FC
Newcastle United
Nottingham Forest
Notts County
Old Carthusians
Old Etonians
Oxford University
Portsmouth FC
Preston North End
Queens Park Rangers
Royal Engineers
Sheffield United
Sheffield Wednesday
Southampton FC
Stoke City
Sunderland AFC
Tottenham Hotspur
Wanderers FC
Watford FC
West Bromwich Albion
West Ham United
Wigan Athletic
Wimbledon FC
Wolverhampton Wanderers
 
Statistiques - réponses
Réponse % Correct
Tottenham Hotspur
100%
Leicester City
75%
Sunderland AFC
75%
Wolverhampton Wanderers
75%
Aston Villa
50%
Everton FC
50%
Manchester United
50%
Newcastle United
50%
Nottingham Forest
50%
Sheffield Wednesday
50%
Southampton FC
50%
Wanderers FC
50%
Arsenal FC
25%
Blackpool FC
25%
Bolton Wanderers
25%
Cardiff City
25%
Charlton Athletic
25%
Chelsea FC
25%
Coventry City
25%
Derby County
25%
Leeds United
25%
Liverpool FC
25%
Old Etonians
25%
Portsmouth FC
25%
Preston North End
25%
Wigan Athletic
25%
Barnsley FC
0%
Blackburn Olympic
0%
Blackburn Rovers
0%
Bradford City
0%
Burnley FC
0%
Bury FC
0%
Clapham Rovers
0%
Crystal Palace
0%
Huddersfield Town
0%
Ipswich Town
0%
Manchester City
0%
Notts County
0%
Old Carthusians
0%
Oxford University
0%
Royal Engineers
0%
Sheffield United
0%
West Bromwich Albion
0%
West Ham United
0%
Wimbledon FC
0%
Aucun quiz correspondant
Distribution des résultats
% des personnes avec chaque résultat
Percentile par nombre de réponses
Votre historique - résultats
Vous n’avez pas pris ce quiz depuis la dernière actualisation